000 00872nam a2200229 i 4500
001 160964
003 ES-MaACL
005 20230906212150.0
008 960314s1875 sp a |||| | spa d
040 _aCLM
_bspa
_cCLM
080 _a7.033.3(460.357 G.)
100 1 _aOliver y Hurtado, José.
_9130628
245 1 0 _aGranada y sus monumentos árabes /
_cpor D. José y D. Manuel Oliver Hurtado.
260 _aMálaga :
_b[s.n.],
_c1875 (
_fImprenta de M. Oliver Navarro)
300 _a[8], XXXVIII, [2], 623 p., [3] h. de mapas pleg. ;
_c22 cm.
505 8 _aApéndices, p. 395-613
597 _aAntep.
599 1 _aLas h. de mapas pleg.: "Propiedad de los Sres D. José y Manuel Oliver" "J. Bustamante dibº. y grabó"
650 4 _aArte musulmán-
_zGranada.
_9151208
700 1 _aOliver y Hurtado, José.
_9130628
852 _aES-MaACL
_jB-2337
_z-- Enc. hol.
999 _c160964
_d160964